Statystyki dla Klasyfikacja piłkarzy - Zdobywcy złotych piłek

Kliknij tutaj aby rozwiązać quiz!

Ogólne statystyki

  • Ten quiz został rozwiązany 72 razy
  • Średni wynik to 4 z 10

Statystyki odpowiedzi

IlośćOdpowiedź% Poprawnych
5Cristiano Ronaldo
93%
7Lionel Messi
88%
2Ronaldo Luis Nzario de Lima | Ronaldo
75%
3Marco van Basten
34%
3Johan Cruyff
30%
3Michel Platini
22%
2Alfredo Di Stefano
21%
2Franz Beckenbauer
21%
2Kevin Keegan
12%
2Karl-Heinz Rummenige
4%

Rozkład punktacji

Percentyl według liczby udzielonych odpowiedzi

Procent ludzi z każdym wynikiem

Twoja historia wyników

Nie rozwiązałeś tego quizu